000
00318nam a2200133Ia 4500
008
150301s2015 xx 000 0 und d
082
_a
615.1
_b
P11K
100
_a
ASHUTOSH KAR
245
_a
PHARMACEUTICAL INDUSTRIAL MANAGEMENT
260
_b
AHUJA PUB. HOUSE
300
_a
242
650
_a
PAHRMACY
942
_2
ddc
_c
BK
999
_c
7093
_d
7093